[Event "Olympiad Women-44"]
[Site "Chennai"]
[Date "2022.08.05"]
[Round "7.3"]
[White "Galera Serra, Maria"]
[Black "Diaz Cesar, Wilsaida Pieranlly"]
[Result "0-1"]
[WhiteElo "1464"]
[BlackElo "1834"]
[PlyCount "124"]
[EventDate "2022.07.29"]
[EventType "team-swiss"]
[EventRounds "11"]
[EventCountry "IND"]
[SourceTitle "CBM 210"]
[Source "ChessBase"]
[SourceDate "2022.10.31"]
[SourceVersion "1"]
[SourceVersionDate "2022.10.31"]
[SourceQuality "1"]
[WhiteTeam "Andorra (W)"]
[BlackTeam "Dominican Republic (W)"]
[WhiteTeamCountry "AND"]
[BlackTeamCountry "DOM"]

1. e4 c5 2. Nf3 e6 3. c3 d5 4. Bb5+ Bd7 5. Bxd7+ Qxd7 6. exd5 Qxd5 7. 0-0 Nf6 8. d4 Nbd7 9. Be3 Be7 10. Nbd2 cxd4 11. Nxd4 0-0 12. Qb3 Nc5 13. Qxd5 Nxd5 14. Nc4 Nxe3 15. Nxe3 Bf6 16. Rad1 Rfd8 17. Rfe1 Rac8 18. Nf3 Na4 19. Re2 Rxd1+ 20. Nxd1 Rd8 21. Rd2 Rxd2 22. Nxd2 Kf8 23. Kf1 Ke7 24. Ne4 Be5 25. Ke2 f5 26. Nd2 g5 27. g3 g4 28. Nc4 Bc7 29. b3 Nc5 30. f3 h5 31. Nf2 a6 32. fxg4 hxg4 33. Nd3 Ne4 34. Nc1 Nxc3+ 35. Kd3 Ne4 36. Ne3 Ng5 37. Ne2 Nf3 38. Nf1 Kf6 39. Nf4 Bxf4 40. gxf4 e5 41. Ke3 e4 42. Kf2 b6 43. Kg3 Nd4 44. Kf2 Nf3 45. Ne3 Ke6 46. Kg3 b5 47. h3 gxh3 48. Kxh3 Ng1+ 49. Kh4 Nf3+ 50. Kg3 a5 51. a4 bxa4 52. bxa4 Nd4 53. Kf2 Nb3 54. Nc4 Nc5 55. Nxa5 Nxa4 56. Nc4 Nc3 57. Ne3 Nd5 58. Ng2 Nf6 59. Ke2 Ng4 60. Nh4 Nf6 61. Ng2 Nd5 62. Nh4 Nxf4+ 0-1

[Event "Olympiad Women-44"]
[Site "Chennai"]
[Date "2022.07.30"]
[Round "2.3"]
[White "Diaz Cesar, Wilsaida Pieranlly"]
[Black "Terao, Juliana Sayumi"]
[Result "0-1"]
[WhiteElo "1834"]
[BlackElo "2223"]
[PlyCount "48"]
[EventDate "2022.07.29"]
[EventType "team-swiss"]
[EventRounds "11"]
[EventCountry "IND"]
[SourceTitle "CBM 210"]
[Source "ChessBase"]
[SourceDate "2022.10.31"]
[SourceVersion "1"]
[SourceVersionDate "2022.10.31"]
[SourceQuality "1"]
[WhiteTeam "Dominican Republic (W)"]
[BlackTeam "Brazil (W)"]
[WhiteTeamCountry "DOM"]
[BlackTeamCountry "BRA"]

1. Nf3 d5 2. c4 d4 3. b4 f6 4. e3 e5 5. Bb2 dxe3 6. fxe3 Bxb4 7. Qb3 Qe7 8. Be2 Nh6 9. 0-0 Nf7 10. a3 Bd6 11. Nc3 c6 12. d4 0-0 13. c5 Bc7 14. Bc4 Kh8 15. Rae1 Nd7 16. Rf2 b6 17. Ref1 bxc5 18. Bxf7 Qxf7 19. Qxf7 Rxf7 20. Ng5 Re7 21. d5 Nb6 22. dxc6 Ba6 23. Nge4 Bxf1 24. Rxf1 Re6 0-1

[Event "DOM-ch (Women)"]
[Site "Santo Domingo"]
[Date "2021.04.16"]
[Round "5"]
[White "Munoz Santana, Doribel"]
[Black "Diaz Cesar, Wilsaida Pieranlly"]
[Result "1/2-1/2"]
[WhiteElo "1832"]
[BlackElo "1867"]
[PlyCount "47"]
[EventDate "2021.04.09"]
[EventType "swiss"]
[EventRounds "8"]
[EventCountry "DOM"]
[SourceTitle "CBM 202 Extra"]
[Source "ChessBase"]
[SourceDate "2021.07.31"]
[SourceVersion "1"]
[SourceVersionDate "2021.07.31"]
[SourceQuality "1"]

1. d4 Nf6 2. Nf3 d6 3. g3 g6 4. Bg2 Bg7 5. 0-0 0-0 6. c4 Nbd7 7. Nc3 e5 8. dxe5 dxe5 9. e4 c6 10. Qc2 Qe7 11. Rd1 a5 12. h3 Re8 13. Be3 Qf8 14. Qd2 Nc5 15. Ne1 Be6 16. Qd6 Nfd7 17. Qxf8+ Bxf8 18. b3 Kg7 19. Nf3 h6 20. Rab1 Na6 21. Na4 Nb4 22. Rd2 Na6 23. Rbd1 Re7 24. Nb6 1/2-1/2

[Event "DOM-ch (Women)"]
[Site "Santo Domingo"]
[Date "2021.04.11"]
[Round "4"]
[White "Diaz Cesar, Wilsaida Pieranlly"]
[Black "Castillo Pena, Patricia Evarista"]
[Result "1/2-1/2"]
[WhiteElo "1867"]
[BlackElo "1770"]
[PlyCount "28"]
[EventDate "2021.04.09"]
[EventType "swiss"]
[EventRounds "8"]
[EventCountry "DOM"]
[SourceTitle "CBM 202 Extra"]
[Source "ChessBase"]
[SourceDate "2021.07.31"]
[SourceVersion "1"]
[SourceVersionDate "2021.07.31"]
[SourceQuality "1"]

1. c4 c6 2. e4 e6 3. Nc3 d5 4. d4 dxe4 5. Nxe4 Nf6 6. Nxf6+ Qxf6 7. Nf3 h6 8. Be2 Nd7 9. Be3 Bd6 10. 0-0 0-0 11. Qd2 e5 12. dxe5 Nxe5 13. Nxe5 Bxe5 14. Bd4 Be6 1/2-1/2

[Event "Online Olym Div3 E"]
[Site "Chess.com INT"]
[Date "2020.08.08"]
[Round "4.5"]
[White "Hernandez Alvarez, Tania Regla"]
[Black "Diaz Cesar, Wilsaida Pieranlly"]
[Result "1-0"]
[WhiteElo "2041"]
[BlackElo "1867"]
[PlyCount "91"]
[EventDate "2020.08.07"]
[EventType "team-tourn (rapid)"]
[EventRounds "9"]
[EventCountry "USA"]
[SourceTitle "CBM 198"]
[Source "ChessBase"]
[SourceDate "2020.10.31"]
[SourceVersion "1"]
[SourceVersionDate "2020.10.31"]
[SourceQuality "1"]
[WhiteTeam "Costa Rica"]
[BlackTeam "Dominican Republic"]
[WhiteTeamCountry "CRI"]
[BlackTeamCountry "DOM"]

1. e4 e5 2. Bc4 Nf6 3. d3 Be7 4. Nf3 d6 5. h3 Nc6 6. c3 a6 7. a4 0-0 8. 0-0 h6 9. Re1 Re8 10. Nbd2 Bf8 11. Nf1 Ne7 12. Qb3 Be6 13. Bxe6 fxe6 14. Qxe6+ Kh7 15. Nh4 Qd7 16. Qf7 d5 17. Ng3 dxe4 18. dxe4 Rad8 19. Ngf5 Nxf5 20. Qg6+ Kh8 21. Nxf5 Re6 22. Qg3 Qd3 23. Qh4 Rd7 24. Bg5 Kg8 25. Nxh6+ gxh6 26. Bxf6 Rxf6 27. Qxf6 Bg7 28. Qe6+ Rf7 29. Rad1 Qc2 30. Rd8+ Bf8 31. Rf1 Qxe4 32. Rd7 Qf5 33. Qxf5 Rxf5 34. Rxc7 Rf4 35. b4 a5 36. Rxb7 axb4 37. cxb4 Bxb4 38. Rc1 Bf8 39. Rc8 Rxa4 40. Rbb8 Rf4 41. g3 Rf7 42. Kg2 Kg7 43. h4 Bd6 44. Rg8+ Kf6 45. Rb6 Ke6 46. Rg6+ 1-0

[Event "DOM-ch (Women)"]
[Site "Santo Domingo"]
[Date "2019.03.09"]
[Round "6"]
[White "Feliz Salazar, Karolay"]
[Black "Diaz Cesar, Wilsaida Pieranlly"]
[Result "0-1"]
[WhiteElo "1546"]
[BlackElo "1866"]
[PlyCount "70"]
[EventDate "2019.03.01"]
[EventType "swiss"]
[EventRounds "8"]
[EventCountry "DOM"]
[SourceTitle "CBM 189 Extra"]
[Source "ChessBase"]
[SourceDate "2019.06.03"]
[SourceVersion "1"]
[SourceVersionDate "2019.06.03"]
[SourceQuality "1"]

1. e4 e5 2. Nf3 d6 3. Bc4 Be7 4. d3 Nf6 5. Be3 c6 6. Nbd2 Nbd7 7. 0-0 0-0 8. c3 d5 9. Bb3 Qc7 10. Bg5 h6 11. Bh4 b6 12. Bg3 dxe4 13. Nxe4 Nh5 14. Re1 Nxg3 15. Nxg3 Bb7 16. d4 Rad8 17. Nf5 Bf6 18. Qd3 Nc5 19. Qc2 Nxb3 20. Qxb3 exd4 21. N3xd4 c5 22. Nf3 Bxf3 23. gxf3 Qf4 24. Ng3 Qxf3 25. Rad1 h5 26. c4 Qg4 27. f3 Bd4+ 28. Kg2 Qg5 29. Kh1 h4 30. Ne2 h3 31. Ng3 f5 32. Qc2 Rd6 33. Qd2 Qh4 34. Ne2 Be5 35. Qc1 Qf2 0-1

[Event "DOM-ch (Women)"]
[Site "Santo Domingo"]
[Date "2018.03.10"]
[Round "2"]
[White "Diaz Cesar, Wilsaida Pieranlly"]
[Black "Cabreja Lora, Suzette"]
[Result "1/2-1/2"]
[WhiteElo "1818"]
[BlackElo "1678"]
[PlyCount "68"]
[EventDate "2018.03.09"]
[EventType "swiss"]
[EventRounds "8"]
[EventCountry "DOM"]
[SourceTitle "CBM 183 Extra"]
[Source "ChessBase"]
[SourceDate "2018.04.19"]
[SourceVersion "1"]
[SourceVersionDate "2018.04.19"]
[SourceQuality "1"]

1. d4 Nf6 2. c4 g6 3. Nc3 d5 4. cxd5 Nxd5 5. Na4 Bg7 6. e4 Nb6 7. Be3 0-0 8. h3 Nxa4 9. Qxa4 c5 10. Rd1 Bd7 11. Qb3 cxd4 12. Bxd4 Bxd4 13. Rxd4 Nc6 14. Rd2 Qc7 15. Nf3 Be6 16. Qa4 Rfd8 17. Rc2 Qb6 18. Qb5 Nd4 19. Nxd4 Qxd4 20. Qe2 Qb4+ 21. Rc3 Bxa2 22. f3 Rac8 23. Qb5 Qxb5 24. Bxb5 Rxc3 25. bxc3 Rc8 26. Kd2 a6 27. Be2 e5 28. Ra1 Be6 29. h4 Kf8 30. Ra5 f6 31. g3 Ke7 32. f4 exf4 33. gxf4 Rc6 34. Ra1 b5 1/2-1/2

[Event "Olympiad Women-42"]
[Site "Baku"]
[Date "2016.09.11"]
[Round "9.1"]
[White "Montilla Reyes, Jorcerys"]
[Black "Diaz Cesar, Wilsaida Pieranlly"]
[Result "1-0"]
[WhiteElo "2194"]
[BlackElo "1889"]
[PlyCount "119"]
[EventDate "2016.09.02"]
[EventType "team-swiss"]
[EventRounds "11"]
[EventCountry "AZE"]
[SourceTitle "CBM 174 Extra"]
[Source "ChessBase"]
[SourceDate "2016.10.10"]
[SourceVersion "1"]
[SourceVersionDate "2016.10.10"]
[SourceQuality "1"]
[WhiteTeam "Venezuela (W)"]
[BlackTeam "Dominican Republic (W)"]
[WhiteTeamCountry "VEN"]
[BlackTeamCountry "DOM"]

1. d4 Nf6 2. c4 e5 3. dxe5 Ng4 4. Nf3 Bc5 5. e3 Nc6 6. a3 a5 7. b3 Ngxe5 8. Bb2 Qe7 9. Be2 d6 10. Nc3 Nxf3+ 11. Bxf3 Ne5 12. Nd5 Qd8 13. b4 Ba7 14. Be2 0-0 15. 0-0 c6 16. Nf4 Bf5 17. Nh5 f6 18. Kh1 Be6 19. Rc1 Qe7 20. f4 Nd7 21. e4 Bf7 22. Ng3 Bb8 23. Bd3 axb4 24. Nf5 Qd8 25. axb4 Kh8 26. Qg4 Rg8 27. Qh4 Bg6 28. Rf3 Bxf5 29. exf5 Re8 30. Rh3 Nf8 31. g4 d5 32. g5 fxg5 33. fxg5 Be5 34. Bxe5 Rxe5 35. f6 g6 36. Qd4 Qd6 37. c5 Qe6 38. f7 Kg7 39. Re3 Nd7 40. Rce1 Kxf7 41. Rxe5 Nxe5 42. Rxe5 Qh3 43. Qf4+ Kg8 44. Bf1 Qc3 45. Re3 Qa1 46. Rf3 Qg7 47. Bh3 Rd8 48. Be6+ Kh8 49. Qf6 Qxf6 50. gxf6 d4 51. Bc4 g5 52. Kg2 h6 53. Kf2 Kh7 54. Ke2 Kg6 55. f7 Kg7 56. Kd3 Rf8 57. Kxd4 h5 58. Ke5 g4 59. Rf5 Rh8 60. Rg5+ 1-0

[Event "Olympiad Women-42"]
[Site "Baku"]
[Date "2016.09.06"]
[Round "5.1"]
[White "Mentile, Lishen"]
[Black "Diaz Cesar, Wilsaida Pieranlly"]
[Result "1/2-1/2"]
[WhiteElo "1480"]
[BlackElo "1889"]
[PlyCount "175"]
[EventDate "2016.09.02"]
[EventType "team-swiss"]
[EventRounds "11"]
[EventCountry "AZE"]
[SourceTitle "CBM 174 Extra"]
[Source "ChessBase"]
[SourceDate "2016.10.10"]
[SourceVersion "1"]
[SourceVersionDate "2016.10.10"]
[SourceQuality "1"]
[WhiteTeam "Namibia (W)"]
[BlackTeam "Dominican Republic (W)"]
[WhiteTeamCountry "NAM"]
[BlackTeamCountry "DOM"]

1. e4 g6 2. Nf3 Bg7 3. d4 d6 4. Be3 Nd7 5. c3 e5 6. dxe5 dxe5 7. Na3 Ngf6 8. Bd3 0-0 9. 0-0 b6 10. Bg5 Bb7 11. Bc2 h6 12. Bxf6 Bxf6 13. Qd2 Bg7 14. Rad1 Bc6 15. Bb3 Qe8 16. Bd5 Nc5 17. Bxc6 Qxc6 18. Qd5 Qe8 19. Qc4 Rd8 20. b4 Ne6 21. Nb5 a6 22. Nxc7 Nxc7 23. Qxc7 Rxd1 24. Rxd1 Qe6 25. h3 Qxa2 26. Qxb6 Qc2 27. Ra1 Qxc3 28. Rxa6 Qc1+ 29. Kh2 Qf4+ 30. Kh1 Qxe4 31. Qc5 Qd3 32. Rd6 Qb1+ 33. Kh2 e4 34. Ng1 Qb2 35. g3 Bc3 36. b5 Bb4 37. Qd4 Bc3 38. Qxe4 Qxf2+ 39. Qg2 Qe3 40. Qd5 Be5 41. Rxg6+ Kh7 42. Rg4 Qf2+ 43. Qg2 Qf6 44. Qf3 Qd6 45. Qf5+ Kh8 46. Qf1 f5 47. Rc4 Bxg3+ 48. Kh1 Qd5+ 49. Nf3 Re8 50. Kg2 Re1 51. Rc8+ Kh7 52. Qc4 Rd1 53. Qxd5 Rxd5 54. Kxg3 Rxb5 55. Rc6 Kg7 56. Rd6 Ra5 57. Kf4 Rc5 58. Re6 Rc3 59. Re3 Rc5 60. Re5 Rc6 61. Kxf5 Rf6+ 62. Ke4 Ra6 63. Rd5 Re6+ 64. Kf4 Rf6+ 65. Rf5 Ra6 66. Kg4 Rb6 67. Kh5 Rb3 68. Kg4 Rb4+ 69. Rf4 Rb6 70. Nh4 Rb5 71. Nf5+ Kg6 72. Ne7+ Kg7 73. Rf5 Rb4+ 74. Kh5 Rb3 75. h4 Rb6 76. Rf4 Rb5+ 77. Rf5 Rb6 78. Kg4 Re6 79. Nd5 Ra6 80. Nf4 Ra4 81. h5 Ra6 82. Rd5 Ra7 83. Rd6 Kh7 84. Rg6 Ra5 85. Ne6 Ra4+ 86. Nf4 Ra5 87. Ne6 Ra4+ 88. Nf4 1/2-1/2

[Event "DOM-ch (Women)"]
[Site "Santo Domingo"]
[Date "2016.04.02"]
[Round "7"]
[White "Santos Almonte, Carol"]
[Black "Diaz Cesar, Wilsaida Pieranlly"]
[Result "0-1"]
[WhiteElo "1788"]
[BlackElo "1882"]
[PlyCount "80"]
[EventDate "2016.03.18"]
[EventType "swiss"]
[EventRounds "8"]
[EventCountry "DOM"]
[SourceTitle "CBM 171 Extra"]
[Source "ChessBase"]
[SourceDate "2016.04.26"]
[SourceVersion "1"]
[SourceVersionDate "2016.04.26"]
[SourceQuality "1"]

1. d4 d5 2. Nf3 Nf6 3. c4 e6 4. e3 Be7 5. Nc3 c6 6. Bd2 Nbd7 7. Be2 0-0 8. 0-0 Re8 9. a3 dxc4 10. Bxc4 b5 11. Be2 Bb7 12. Rc1 a6 13. Na2 c5 14. dxc5 Nxc5 15. Bb4 Qb6 16. Qe1 Rac8 17. Rd1 Nd5 18. Ba5 Qa7 19. Nd4 Na4 20. Rb1 Nf6 21. Bb4 Be4 22. Rc1 Nxb2 23. Bxe7 Qxe7 24. Qa5 Bb7 25. Rxc8 Rxc8 26. Nxb5 Nc4 27. Bxc4 Rxc4 28. Nd4 g6 29. Rc1 Rxc1+ 30. Nxc1 Qd6 31. Qc3 e5 32. Nf3 Bxf3 33. gxf3 Kg7 34. Qd3 Qc6 35. Na2 a5 36. e4 Nh5 37. Nc3 Nf4 38. Qe3 Qxc3 39. Qxc3 Ne2+ 40. Kf1 Nxc3 0-1

[Event "DOM-ch (Women)"]
[Site "Santo Domingo"]
[Date "2016.04.01"]
[Round "5"]
[White "Coronado Paulino, Karen Libell"]
[Black "Diaz Cesar, Wilsaida Pieranlly"]
[Result "0-1"]
[WhiteElo "1682"]
[BlackElo "1882"]
[PlyCount "116"]
[EventDate "2016.03.18"]
[EventType "swiss"]
[EventRounds "8"]
[EventCountry "DOM"]
[SourceTitle "CBM 171 Extra"]
[Source "ChessBase"]
[SourceDate "2016.04.26"]
[SourceVersion "1"]
[SourceVersionDate "2016.04.26"]
[SourceQuality "1"]

1. e4 e5 2. Nf3 Nc6 3. Bc4 Bc5 4. d3 Nf6 5. 0-0 d6 6. h3 h6 7. Re1 Be6 8. Bxe6 fxe6 9. Be3 Bb6 10. Bxb6 axb6 11. Nbd2 Qd7 12. Nb3 g5 13. d4 g4 14. hxg4 Nxg4 15. Nh2 h5 16. Nxg4 hxg4 17. Qxg4 0-0-0 18. c3 Rdg8 19. Qf3 exd4 20. Nxd4 Ne5 21. Qf6 Qh7 22. Kf1 Rg6 23. Qf4 Nd3 24. Qe3 Nxe1 25. Rxe1 Qh1+ 26. Ke2 Qxg2 27. Qf3 Qg5 28. Rh1 Rhg8 29. Qf7 Rf6 30. Qh5 Qg2 31. Nf3 Rgf8 32. Rh3 Qg7 33. Rg3 Qd7 34. b3 Qc6 35. Kd3 Rf4 36. Nd2 Rxf2 37. Rf3 R2xf3+ 38. Nxf3 Qc5 39. Qxc5 bxc5 40. Ng5 Kd7 41. a4 Rg8 42. Nf3 Rg3 43. Ke3 c4 44. b4 e5 45. Kf2 Rg4 46. Nd2 Rh4 47. Nxc4 Rxe4 48. Ne3 Rh4 49. Ke2 Rh2+ 50. Kd3 Rh3 51. Ke4 c6 52. a5 d5+ 53. Kd3 Kc7 54. Kd2 Rxe3 55. Kxe3 b6 56. Kd3 bxa5 57. bxa5 Kb7 58. c4 Ka6 0-1

[Event "DOM-ch (Women)"]
[Site "Santo Domingo"]
[Date "2015.06.07"]
[Round "4"]
[White "Diaz Cesar, Wilsaida Pieranlly"]
[Black "Rodriguez Espaillat, Escarlet M"]
[Result "1/2-1/2"]
[WhiteElo "1830"]
[BlackElo "1642"]
[PlyCount "60"]
[EventDate "2015.06.05"]
[EventType "swiss"]
[EventRounds "6"]
[EventCountry "DOM"]
[SourceTitle "CBM 167 Extra"]
[Source "ChessBase"]
[SourceDate "2015.09.14"]
[SourceVersion "1"]
[SourceVersionDate "2015.09.14"]
[SourceQuality "1"]

1. d4 Nf6 2. c4 e6 3. Nc3 Bb4 4. a3 Bxc3+ 5. bxc3 c5 6. Bg5 Qa5 7. Bd2 Ne4 8. Qc2 Nxd2 9. Qxd2 cxd4 10. cxd4 Qxd2+ 11. Kxd2 Nc6 12. Nf3 b6 13. e3 Ba6 14. Kd1 Rc8 15. Rc1 0-0 16. c5 Bxf1 17. Rxf1 Rb8 18. cxb6 Rxb6 19. Nd2 Rfb8 20. Rc2 d5 21. Ke2 Na5 22. Rfc1 g6 23. Rc8+ Kg7 24. Rxb8 Rxb8 25. Rc7 Rb7 26. Kd3 Nb3 27. Nxb3 Rxb3+ 28. Rc3 Rb2 29. Rc2 Rb3+ 30. Rc3 Rb2 1/2-1/2

[Event "DOM-ch (Women)"]
[Site "Santo Domingo"]
[Date "2015.03.13"]
[Round "5"]
[White "Santos Almonte, Carol"]
[Black "Diaz Cesar, Wilsaida Pieranlly"]
[Result "0-1"]
[WhiteElo "1797"]
[BlackElo "1830"]
[PlyCount "50"]
[EventDate "2015.03.06"]
[EventType "swiss"]
[EventRounds "8"]
[EventCountry "DOM"]
[SourceTitle "CBM 165 Extra"]
[Source "ChessBase"]
[SourceDate "2015.04.21"]
[SourceVersion "1"]
[SourceVersionDate "2015.04.21"]
[SourceQuality "1"]

1. d4 d5 2. c4 e6 3. Nc3 Nf6 4. Nf3 c6 5. e3 Bd6 6. cxd5 exd5 7. Be2 0-0 8. 0-0 Re8 9. Bd2 Nbd7 10. Qb3 Ne4 11. Rac1 Re6 12. Na4 Nxd2 13. Nxd2 Bxh2+ 14. Kxh2 Qh4+ 15. Kg1 Rh6 16. f4 Nf6 17. Nf3 Qg3 18. Bd3 Bh3 19. Qc2 Ng4 20. Qe2 Re8 21. Rfe1 Rxe3 22. Qf1 Rhe6 23. Bf5 Rxe1 24. Rxe1 Rxe1 25. Qxe1 Qxg2# 0-1

[Event "DOM-ch (Women)"]
[Site "Santo Domingo"]
[Date "2015.03.07"]
[Round "2"]
[White "Diaz Cesar, Wilsaida Pieranlly"]
[Black "Castillo Pena, Patricia Evarista"]
[Result "1-0"]
[WhiteElo "1830"]
[BlackElo "1739"]
[PlyCount "119"]
[EventDate "2015.03.06"]
[EventType "swiss"]
[EventRounds "8"]
[EventCountry "DOM"]
[SourceTitle "CBM 165 Extra"]
[Source "ChessBase"]
[SourceDate "2015.04.21"]
[SourceVersion "1"]
[SourceVersionDate "2015.04.21"]
[SourceQuality "1"]

1. d4 Nf6 2. c4 e6 3. Nf3 c5 4. d5 b5 5. dxe6 fxe6 6. cxb5 d5 7. e3 Bd6 8. Be2 0-0 9. 0-0 Bb7 10. b3 Nbd7 11. Bb2 Qe7 12. Nc3 Rad8 13. a4 e5 14. a5 e4 15. Ne1 Bb8 16. g3 Qe6 17. Ng2 g5 18. h4 h6 19. Kh2 Ne5 20. Na4 Bc8 21. Kg1 Qh3 22. Bxe5 Bxe5 23. f4 exf3 24. Rxf3 Bxg3 25. Rxg3 Qxg3 26. hxg5 Ng4 27. Bxg4 Bxg4 28. Qd2 Rf7 29. Nxc5 Rdf8 30. Nd3 hxg5 31. b6 Rh7 32. Ndf4 gxf4 33. Qxd5+ Rhf7 34. Qg5+ Kh7 35. exf4 Rxf4 36. bxa7 Rf2 37. Qe7+ Kh8 38. Qh4+ Qxh4 39. Nxh4 Kg7 40. a8Q Rxa8 41. Kxf2 Be6 42. b4 Kf6 43. b5 Ke7 44. Nf3 Bd5 45. Nd4 Kd6 46. Ke3 Kc5 47. Rc1+ Bc4 48. Ne6+ Kb4 49. Nc7 Rxa5 50. b6 Ra3+ 51. Kd4 Rd3+ 52. Ke5 Re3+ 53. Kd6 Rd3+ 54. Kc6 Rf3 55. Rb1+ Bb3 56. Nd5+ Ka5 57. Ra1+ Ba4+ 58. Kc5 Rf2 59. b7 Rb2 60. Nb6 1-0

[Event "Olympiad Women-41"]
[Site "Tromsoe"]
[Date "2014.08.12"]
[Round "10.3"]
[White "Diaz Cesar, Wilsaida Pieranlly"]
[Black "Botlhole, Kgalalelo"]
[Result "1-0"]
[WhiteElo "1769"]
[BlackElo "1762"]
[PlyCount "87"]
[EventDate "2014.08.02"]
[EventType "team-swiss"]
[EventRounds "11"]
[EventCountry "NOR"]
[SourceTitle "CBM 162"]
[Source "ChessBase"]
[SourceDate "2014.09.17"]
[SourceVersion "1"]
[SourceVersionDate "2014.09.17"]
[SourceQuality "1"]
[WhiteTeam "Dominican Republic (W)"]
[BlackTeam "Botswana (W)"]
[WhiteTeamCountry "DOM"]
[BlackTeamCountry "BOT"]

1. d4 f5 2. Nf3 Nf6 3. c4 e6 4. g3 Be7 5. Bg2 0-0 6. 0-0 d6 7. Nc3 a5 8. Qc2 Nc6 9. Rd1 Qe8 10. b3 e5 11. dxe5 Nxe5 12. Nxe5 dxe5 13. Nd5 Nxd5 14. Rxd5 Bf6 15. Ba3 Rf7 16. Qd2 Be6 17. Rxa5 Rd8 18. Rd5 c6 19. Rxd8 Bxd8 20. Bb2 Rd7 21. Qc2 e4 22. Rd1 Be7 23. Bc3 Qd8 24. Rxd7 Qxd7 25. Qd2 Qc7 26. Qb2 Bd6 27. Bd4 Qd7 28. c5 Bf8 29. Qc3 Qd5 30. e3 Qd8 31. Bf1 Qe8 32. a4 Bd7 33. b4 h6 34. b5 Kh7 35. b6 Qh5 36. Qc2 Bc8 37. a5 Qf7 38. Qc4 Qd7 39. Qa4 Qf7 40. a6 bxa6 41. Qxc6 Bb7 42. Qa4 Qh5 43. c6 Bc8 44. b7 1-0

[Event "Olympiad Women-41"]
[Site "Tromsoe"]
[Date "2014.08.06"]
[Round "5.3"]
[White "Diaz Cesar, Wilsaida Pieranlly"]
[Black "Blackburn, Suzie G"]
[Result "0-1"]
[WhiteElo "1769"]
[BlackElo "1971"]
[PlyCount "70"]
[EventDate "2014.08.02"]
[EventType "team-swiss"]
[EventRounds "11"]
[EventCountry "NOR"]
[SourceTitle "CBM 162"]
[Source "ChessBase"]
[SourceDate "2014.09.17"]
[SourceVersion "1"]
[SourceVersionDate "2014.09.17"]
[SourceQuality "1"]
[WhiteTeam "Dominican Republic (W)"]
[BlackTeam "Wales (W)"]
[WhiteTeamCountry "DOM"]
[BlackTeamCountry "WLS"]

1. d4 Nf6 2. Nf3 g6 3. c4 Bg7 4. Nc3 d5 5. cxd5 Nxd5 6. Bd2 0-0 7. e4 Nxc3 8. Bxc3 c5 9. Rc1 Qb6 10. Be2 cxd4 11. Bxd4 Qa5+ 12. Qd2 Qxd2+ 13. Kxd2 Rd8 14. Bd3 e5 15. Nxe5 Be6 16. Bc3 Bh6+ 17. Kc2 Bxc1 18. Rxc1 Nd7 19. Nxd7 Rxd7 20. b3 Rc8 21. Bb5 Rdc7 22. Kb2 a6 23. Be2 b5 24. a3 g5 25. h3 h6 26. Bd2 Rxc1 27. Bxc1 Bxb3 28. Bxg5 Ba4 29. Bxb5 axb5 30. Bxh6 Rc2+ 31. Kb1 Rxf2 32. g3 Bc2+ 33. Kb2 Bxe4+ 34. Kc3 Rf3+ 35. Kd4 Bf5 0-1